000 00261nam a2200097Ia 4500
001 843480
005 20250826173242.0
008 250824s9999 xx 000 0 und d
245 0 _aAHLAKIMI ÖĞRENİYORUM
_cBİLGENUR ÇORLU
260 _bDİYANET İŞLERİ YAYINLARI
999 _c843480
_d843480